Guess the Louis Tomlinson song with no hints #4 - Statistics

General Stats
  • This quiz has been taken 87 times
  • The average score is 276 of 334
Answer Stats
Answer % Correct
I
100%
you,
100%
you
100%
to
98%
We
98%
we
98%
a
96%
know
94%
too
92%
Too
92%
were
92%
young
92%
young,
92%
and
90%
ever
90%
had
90%
I’m
90%
I'm
90%
So
90%
the
90%
all
88%
is
88%
Me
88%
me
88%
no,
88%
no
88%
When
88%
could
86%
everything
86%
in
86%
it
86%
oh
86%
Oh,
86%
(Ooh,
86%
that
86%
That
86%
your
86%
I've
84%
I’ve
84%
never
84%
darling,
82%
hurt
82%
love
82%
wish
82%
last
80%
sorry
80%
along
78%
can
78%
have
78%
like
78%
this
78%
This
78%
been
76%
But
76%
said
76%
seen
76%
yeah,
76%
for
74%
It’s
74%
It's
74%
now
74%
Now
74%
can't
72%
can’t
72%
could've
72%
could’ve
72%
known
72%
would
72%
they
70%
cause
68%
Cause
68%
didn't
68%
didn’t
68%
hard
68%
at
66%
better
66%
Face
66%
face
66%
pressure
66%
think
66%
hate
64%
different
62%
gave
62%
realize,
62%
realize
62%
before
60%
Before
60%
believe
60%
off
58%
say
58%
since
58%
cut
56%
lately
56%
lot
56%
back
54%
conversation
54%
some
54%
table
54%
two
54%
kitchen
52%
looking
52%
everything's
50%
waited
50%
years
50%
away
48%
finally
48%
ah)
46%
feeling
46%
tryna
46%
let
44%
find
42%
moment
40%
words
40%
slip
34%
No matching quizzes found
Score Distribution
Percent of People with Each Score
Percentile by Number Answered
Your Score History
You have not taken this quiz